Global marketing and advertising: understanding cultural paradoxes. (2nd ed.) (Record no. 75943)

MARC details
000 -LEADER
fixed length control field 01373nam a2200241 a 4500
008 - FIXED-LENGTH DATA ELEMENTS--GENERAL INFORMATION
fixed length control field 100121s2005 ||||||||||||||||| || u
020 ## - INTERNATIONAL STANDARD BOOK NUMBER
International Standard Book Number 978142914765
050 ## - LIBRARY OF CONGRESS CALL NUMBER
Classification number HF 5415.127 Moo
100 ## - MAIN ENTRY--PERSONAL NAME
Personal name Mooij, Marieke de
245 10 - TITLE STATEMENT
Title Global marketing and advertising: understanding cultural paradoxes. (2nd ed.)
Statement of responsibility, etc. Marieke de Mooij
250 ## - EDITION STATEMENT
Edition statement 2nd ed.
260 ## - PUBLICATION, DISTRIBUTION, ETC.
Place of publication, distribution, etc. London:
Name of publisher, distributor, etc. SAGE Publications
Date of publication, distribution, etc. 2005
300 ## - PHYSICAL DESCRIPTION
Extent xvi, 269p.: ill.
350 ## -
-- 0.00
650 ## - SUBJECT ADDED ENTRY--TOPICAL TERM
Topical term or geographic name entry element MARKETING--CROSS-CULTURAL STUDIES
650 #0 - SUBJECT ADDED ENTRY--TOPICAL TERM
Topical term or geographic name entry element MARKETING--MANAGEMENT--CASE STUDIES
650 ## - SUBJECT ADDED ENTRY--TOPICAL TERM
Topical term or geographic name entry element CONSUMER BEHAVIOUR--CROSS-CULTURAL STUDIES
650 #0 - SUBJECT ADDED ENTRY--TOPICAL TERM
Topical term or geographic name entry element ADVERTISING--CROSS-CULTURAL STUDIES
995 ## -
-- ANNEX COLLECTION (Main Library)
-- 0.00
-- 741923
-- CBU-MAIN LIBRARY (Kitwe)
-- 1
-- 0.00
-- HF 5415.127 Moo
-- 2
-- AVAILABLE
-- Nov 16, 2010
-- 741923
-- Annex Low-Usage Collection
995 ## -
-- ANNEX COLLECTION (Main Library)
-- 0.00
-- 742087
-- CBU-MAIN LIBRARY (Kitwe)
-- 1
-- 0.00
-- HF 5415.127 Moo
-- 3
-- AVAILABLE
-- Nov 17, 2010
-- 742087
-- Annex Low-Usage Collection
995 ## -
-- MAIN LIBRARY OPEN ACCESS
-- 0.00
-- 742088
-- CBU-MAIN LIBRARY (Kitwe)
-- 1
-- 0.00
-- HF 5415.127 Moo
-- 4
-- AVAILABLE
-- Nov 17, 2010
-- 742088
-- Main Library Open Access Collection
995 ## -
-- MAIN LIBRARY OPEN ACCESS
-- 0.00
-- 740944
-- CBU-MAIN LIBRARY (Kitwe)
-- 1
-- 0.00
-- HF 5415.127 Moo
-- 1
-- AVAILABLE
-- Mar 11, 2010
-- 740944
-- Main Library Open Access Collection
999 ## -
-- 75943
-- 75943
Holdings
Withdrawn status Lost status Source of classification or shelving scheme Damaged status Not for loan Permanent Location Current Location Date acquired Full call number Barcode Date last seen Copy number Price effective from Koha item type Shelving location Total Checkouts
Withdrawn         CBU-MAIN LIBRARY, KITWE. CBU-MAIN LIBRARY, KITWE. 04/25/2023 HF 5415.127 Moo 741923 04/25/2023 1 04/25/2023 MONOGRAPH    
Withdrawn         CBU-MAIN LIBRARY, KITWE. CBU-MAIN LIBRARY, KITWE. 04/25/2023 HF 5415.127 Moo 742087 04/25/2023 2 04/25/2023 MONOGRAPH    
          CBU-MAIN LIBRARY, KITWE. CBU-MAIN LIBRARY, KITWE. 04/25/2023 HF 5415.127 Moo 742088 04/25/2023 3 04/25/2023 MONOGRAPH    
          CBU-MAIN LIBRARY, KITWE. CBU-MAIN LIBRARY, KITWE. 04/25/2023 HF 5415.127 Moo 740944 04/25/2023 4 04/25/2023 MONOGRAPH